Freedom's children : (Record no. 3030)

MARC details
000 -LEADER
fixed length control field 01406cam a2200361 a 4500
001 - CONTROL NUMBER
control field 3030
003 - CONTROL NUMBER IDENTIFIER
control field FISKH
005 - DATE AND TIME OF LATEST TRANSACTION
control field 20240131140111.0
008 - FIXED-LENGTH DATA ELEMENTS--GENERAL INFORMATION
fixed length control field 920123s1993 nyua j b 001 0deng
010 ## - LIBRARY OF CONGRESS CONTROL NUMBER
LC control number 92001358
020 ## - INTERNATIONAL STANDARD BOOK NUMBER
International Standard Book Number 0399218939
020 ## - INTERNATIONAL STANDARD BOOK NUMBER
International Standard Book Number 630415007990
040 ## - CATALOGING SOURCE
Original cataloging agency DLC
Transcribing agency DLC
Modifying agency DLC
Language of cataloging eng
042 ## - AUTHENTICATION CODE
Authentication code lcac
043 ## - GEOGRAPHIC AREA CODE
Geographic area code n-us---
050 00 - LIBRARY OF CONGRESS CALL NUMBER
Classification number E185.615
Item number .L477 1992
082 00 - DEWEY DECIMAL CLASSIFICATION NUMBER
Classification number 973/.0496073
Edition number 20
100 1# - MAIN ENTRY--PERSONAL NAME
Personal name Levine, Ellen.
245 10 - TITLE STATEMENT
Title Freedom's children :
Remainder of title young civil rights activists tell their own stories /
Statement of responsibility, etc. Ellen Levine ; illustrated with photographs.
250 ## - EDITION STATEMENT
Edition statement This edition published 2000
260 ## - PUBLICATION, DISTRIBUTION, ETC.
Place of publication, distribution, etc. New York :
Name of publisher, distributor, etc. Puffin Books,
Date of publication, distribution, etc. 1993
300 ## - PHYSICAL DESCRIPTION
Extent 167 pages :
Other physical details illustrations ;
Dimensions 23 cm
520 ## - SUMMARY, ETC.
Summary, etc. Southern blacks who were young and involved in the civil rights movement during the 1950s and 1960s describe their experiences.
650 #0 - SUBJECT ADDED ENTRY--TOPICAL TERM
Topical term or geographic name entry element African Americans
General subdivision Civil rights
Form subdivision Juvenile literature.
650 #0 - SUBJECT ADDED ENTRY--TOPICAL TERM
Topical term or geographic name entry element Civil rights movements
Geographic subdivision United States
General subdivision History
Chronological subdivision 20th century
Form subdivision Juvenile literature.
650 #0 - SUBJECT ADDED ENTRY--TOPICAL TERM
Topical term or geographic name entry element African Americans
Form subdivision Interviews
-- Juvenile literature.
650 #0 - SUBJECT ADDED ENTRY--TOPICAL TERM
Topical term or geographic name entry element Civil rights workers
Geographic subdivision United States
Form subdivision Interviews
-- Juvenile literature.
650 #1 - SUBJECT ADDED ENTRY--TOPICAL TERM
Topical term or geographic name entry element African Americans
General subdivision Civil rights.
650 #1 - SUBJECT ADDED ENTRY--TOPICAL TERM
Topical term or geographic name entry element Civil rights movements
General subdivision History.
650 #1 - SUBJECT ADDED ENTRY--TOPICAL TERM
Topical term or geographic name entry element Race relations.
906 ## - LOCAL DATA ELEMENT F, LDF (RLIN)
a 7
b cbu
c orignew
d 1
e ocip
f 19
g y-gencatlg
942 ## - ADDED ENTRY ELEMENTS (KOHA)
Source of classification or shelving scheme Dewey Decimal Classification
Koha item type Books
Suppress in OPAC No
Holdings
Withdrawn status Lost status Source of classification or shelving scheme Damaged status Not for loan Collection Home library Current library Shelving location Date acquired Total Checkouts Full call number Barcode Date last seen Price effective from Koha item type
    Dewey Decimal Classification     Non-Fiction Footprints International School Library Network Toul Kork Campus Footprints International School Library Network Toul Kork Campus   01/31/2024   LEV 973.0496073 E185.L477 FISSE01332 01/31/2024 01/31/2024 Books